000 00449nam a2200145Ia 4500
003 OSt
005 20260123154242.0
008 211028s2016 xx 000 0 und d
040 _cAIMIT LIBRARY
041 _aeng
100 _aOzario, Vanessa Joan; Kusuma P.
_g1416154
_97572
245 _aStudy on employee absenteeism with special reference to Arvind motors private limited Mangalore /
260 _aMangalore
_bKusuma P
_c2016
942 _2ddc
_cPRO
999 _c219140
_d219140